Fandíme našim

Výsledky prieskumu o vzťahu Slovákov k domácim potravinám, ktorý zároveň analyzuje predaje slovenských maloobchodníkov.

Enregistré dans:
Détails bibliographiques
Format: Chapitre de livre
Langue:slovaque
Sujets:
Tags: Ajouter un tag
Pas de tags, Soyez le premier à ajouter un tag!

MARC

LEADER 00000naa a2200000 4500
001 0256922
005 20221104111945.2
041 0 |a slo 
044 |a SK 
245 1 0 |a Fandíme našim 
520 |a Výsledky prieskumu o vzťahu Slovákov k domácim potravinám, ktorý zároveň analyzuje predaje slovenských maloobchodníkov. 
610 2 0 |a maloobchod 
610 2 0 |a podpora predaja 
610 2 0 |a výrobky domáce 
610 2 0 |a potraviny 
610 2 0 |a značky 
610 2 0 |a pôvod tovaru